01583nam a2200241Ia 4500001000900000003000500009005001700014008004100031010001100072040000900083082001400092110011700106245017100223260003200394300000700426410012900433440006000562500053200622503000601154650004501160650002901205710010701234dia_3078CHAP20230314120729.0220117s1971 xx 000 0 und d a173584 cCHAP a338.1 D47 aMéxico. Secretaría de Agricultura y Recursos Hidraúlicos, Dirección General de Desarrollo Agroindustrial aEl desarrollo agroindustrial y la economía internacional /c Secretaría de Agricultura y Recursos Hidraúlicos, Dirección General de Desarrollo Agroindustrial aMexico :b Litoarte,c1971 av. aDocumentos de trabajo para el Desarrollo Agroindustrial, 1) Contenido V.1 Economía Internacional, V.2 Economía Campesina aDocumentos de trabajo para el desarrollo agroindustrial aLa biblioteca tiene: \ v.1 El desarrollo agroindustrial y la economía internacional \ v.2 El desarrollo agroindustrial y la economía campesina \ v.3 Desarrollo agroindustrial, tecnología y empleo \ v.4 Desarrollo agroindustrial y alimentación \ v.5 El desarrollo agroindustrial y la economía latinoamericana \ v.6 El desarrollo agroindustrial : problemas y perspectivas en America Latina \ v.7 El desarrollo agroindustrial y la economía mexicana \ v.9 El desarrollo agroindustrial y la planeación de su estrategia aD aDirección de desarrollo agroindustrial aIndustrias agrícolas  aSecretaría de Agricultura y Recursos Hidraúlicos, Dirección General de Desarrollo Agroindustrial